| 000 | 00000nas 2200000za 4500 |
| 001 | 9.871523 |
| 003 | CaOODSP |
| 005 | 20221107163419 |
| 006 | m o d f |
| 007 | cr ||||||||||| |
| 008 | 150714c20119999xxc x mso f000#a0fre|d |
| 040 | |aCaOODSP|bfre|cCaOODSP|erda |
| 043 | |an-cn--- |
| 086 | |aD68-3F-PDF |
| 130 | 0 |aRapport de contrat (Recherche et développement pour la Défense Canada) |
| 245 | 00|aRapport de contrat / |cRecherche et développement pour la Défense Canada. |
| 260 | |aOttawa : |bRecherche et développement pour la défense Canada, |c[2011?]- |
| 310 | |aIrrégulier |
| 336 | |atexte|btxt|2rdacontent/fre |
| 337 | |ainformatique|bc|2rdamedia/fre |
| 338 | |aressource en ligne|bcr|2rdacarrier/fre |
| 362 | 1 |a2011- |
| 500 | |aPublié aussi en anglais sous le titre : Contract report (Defence Research and Development Canada). |
| 692 | 07|2gccst|aForces armées |
| 692 | 07|2gccst|aGuerre |
| 692 | 07|2gccst|aRecherche et développement |
| 710 | 1 |aCanada. |bR et D pour la défense Canada. |
| 775 | 08|tContract report |w(CaOODSP)9.802312 |